Management I. úvod do podnikání a popis podnikatelského prostředí malých a středních podniků v ČR

Salvato in:
Dettagli Bibliografici
Autore principale: Guinn, Alan
Altri autori: Kratochvíl, Oldřich, Matušíková, Iveta
Natura: Libro
Lingua:ceco
Pubblicazione: Kunovice Evropský polytechnický institut 2007
Soggetti:
Tags: Aggiungi Tag
Nessun Tag, puoi essere il primo ad aggiungerne!!

MARC

LEADER 00000nam a2200000 4500
001 0283388
005 20240416113607.5
020 |a 978-80-7314-127-1 
041 0 |a cze 
044 |a CZ 
245 1 0 |a Management I.  |b úvod do podnikání a popis podnikatelského prostředí malých a středních podniků v ČR  |c Alan Guinn, Oldřich Kratochvíl, Iveta Matušíková 
264 1 |a Kunovice  |b Evropský polytechnický institut  |c 2007 
300 |a 202 s. 
610 2 0 |a manažment 
610 2 0 |a riadenie 
610 2 0 |a podnikanie 
610 2 0 |a prostredie podnikateľské 
610 2 0 |a podnik malý 
610 2 0 |a podnik stredný 
610 2 0 |a Česko 
100 1 |a Guinn, Alan 
700 1 |a Kratochvíl, Oldřich 
700 1 |a Matušíková, Iveta